| 000 | 00459cam a22001457a 4500 | ||
|---|---|---|---|
| 008 | 180718b1963 xxu||||| |||| 00| 0 eng d | ||
| 082 | _aN104x54 Ec74 | ||
| 245 |
_aMeeting the Chinese threatnumber _cby Economic Weekly |
||
| 260 |
_aBombay _bAsian New Age _c1963 |
||
| 300 | _a104-302p. | ||
| 650 | _aIndia - China War, 1962 - Economic Aspects | ||
| 650 | _aIndia - Defence - Costs | ||
| 650 | _aDeffence, National - Costs - India | ||
| 700 | _aEconomic Weekly | ||
| 999 |
_c364672 _d364672 |
||